[Event "Montebelluna op-B 5th"]
[Site "Montebelluna"]
[Date "2007.03.09"]
[Round "1"]
[White "Zannin, Margherita"]
[Black "Zanon, Leandro"]
[Result "0-1"]
[WhiteElo "1440"]
[BlackElo "1604"]
[PlyCount "84"]
[EventDate "2007.03.09"]
[EventType "swiss"]
[EventRounds "5"]
[EventCountry "ITA"]
[SourceTitle "EXT 2008"]
[Source "ChessBase"]
[SourceDate "2007.11.25"]
[SourceVersion "1"]
[SourceVersionDate "2007.11.25"]
[SourceQuality "1"]

1. e4 e6 2. d4 d5 3. Nc3 Bb4 4. Bd2 Nf6 5. a3 Bxc3 6. Bxc3 dxe4 7. Qd2 Nd5 8. Ne2 Nd7 9. Ng3 N7f6 10. 0-0-0 Nxc3 11. Qxc3 Nd5 12. Qd2 f5 13. Be2 Bd7 14. Bc4 Qe7 15. Bxd5 exd5 16. Qf4 0-0 17. Qxc7 Qg5+ 18. f4 exf3+ 19. Rd2 fxg2 20. Rg1 Ba4 21. Rgxg2 Rac8 22. Nf1 Qxg2 23. Rxg2 Rxc7 24. Ne3 Re8 25. Re2 Bxc2 26. Nxd5 Rxe2 27. Nxc7 Rxh2 28. d5 f4 29. Ne6 f3 30. Nd4 f2 31. Kxc2 f1Q+ 32. Kc3 Qf6 33. b4 Rc2+ 34. Kd3 Rd2+ 35. Kxd2 Qxd4+ 36. Kc2 Kf7 37. Kb3 b5 38. a4 Qxd5+ 39. Ka3 Qd3+ 40. Kb2 bxa4 41. Ka2 Qb3+ 42. Ka1 a3 0-1

[Event "Campodarsego op-B 17th"]
[Site "Campodarsego"]
[Date "2006.01.20"]
[Round "1"]
[White "Zanon, Leandro"]
[Black "Tomio, Dante"]
[Result "1/2-1/2"]
[WhiteElo "1517"]
[BlackElo "1831"]
[PlyCount "121"]
[EventDate "2006.01.20"]
[EventType "swiss"]
[EventRounds "5"]
[EventCountry "ITA"]
[SourceTitle "EXT 2011"]
[Source "ChessBase"]
[SourceDate "2010.11.26"]
[SourceVersion "1"]
[SourceVersionDate "2010.11.26"]
[SourceQuality "1"]

1. d4 d5 2. c4 c6 3. Nc3 Nf6 4. Nf3 e6 5. Bg5 Nbd7 6. e3 Bd6 7. cxd5 exd5 8. Bd3 0-0 9. 0-0 h6 10. Bh4 Qc7 11. h3 Re8 12. Rc1 a6 13. a4 g5 14. Bg3 Bxg3 15. fxg3 Qxg3 16. Qe2 g4 17. hxg4 Nxg4 18. Nd1 Ndf6 19. Qe1 Qxe1 20. Rxe1 Ne4 21. Nh2 Nxh2 22. Kxh2 Bf5 23. Bxe4 Bxe4 24. Nf2 Re6 25. g3 Rae8 26. Rc3 Bf3 27. Nh3 Bg4 28. Nf4 Re4 29. Rd3 Kg7 30. b4 h5 31. Kg1 h4 32. Kh2 Rh8 33. Kg2 Bf5 34. Red1 hxg3 35. Kxg3 Rxf4 36. Kxf4 Bxd3 37. Rxd3 Rh2 38. Rb3 Rc2 39. Kg4 f6 40. Kf4 Rc4 41. Rb2 b6 42. a5 bxa5 43. bxa5 c5 44. Rb7+ Kg6 45. Rc7 cxd4 46. Rxc4 dxc4 47. exd4 c3 48. Ke3 Kf5 49. Kd3 c2 50. Kxc2 Ke4 51. Kc3 Kd5 52. Kd3 f5 53. Ke3 Kc4 54. Kf4 Kxd4 55. Kxf5 Kc4 56. Ke4 Kb5 57. Kd3 Ka4 58. Kc2 Kxa5 59. Kb2 Kb4 60. Ka2 a5 61. Ka1 1/2-1/2

[Event "Graticolato op-A U1900 7th"]
[Site "Santa Maria di Sala"]
[Date "1999.11.20"]
[Round "1.12"]
[White "Zanon, Leandro"]
[Black "Roberti, Ignazio"]
[Result "0-1"]
[WhiteElo "1479"]
[BlackElo "1610"]
[PlyCount "92"]
[EventDate "1999.11.20"]
[EventType "swiss"]
[EventRounds "6"]
[EventCountry "ITA"]
[SourceTitle "EXT 2023"]
[Source "ChessBase"]
[SourceDate "2022.10.05"]
[SourceVersion "1"]
[SourceVersionDate "2022.10.05"]
[SourceQuality "1"]

1. e4 c5 2. Nf3 d6 3. d4 cxd4 4. Nxd4 Nf6 5. Nc3 e6 6. Be3 a6 7. Be2 Be7 8. 0-0 0-0 9. a4 Nc6 10. f3 Qc7 11. Qd2 Bd7 12. Nd1 Rac8 13. Nf2 Nxd4 14. Bxd4 Qxc2 15. Qxc2 Rxc2 16. Bd3 Rcc8 17. Nd1 Bc6 18. Ne3 Rfe8 19. Rfe1 Nh5 20. Bf1 Bf6 21. Bxf6 Nxf6 22. b3 d5 23. exd5 Nxd5 24. Nc4 Red8 25. Rac1 h6 26. Ne5 Ne7 27. Nc4 Bd5 28. Red1 b5 29. axb5 axb5 30. Ne3 Bxb3 31. Rxd8+ Rxd8 32. Bxb5 Rc8 33. Rb1 Ba2 34. Ra1 Nd5 35. Rxa2 Nxe3 36. Bd3 g6 37. Re2 Rc1+ 38. Kf2 Nd1+ 39. Kg3 Nc3 40. Re5 Kg7 41. f4 Nd5 42. Kf3 Rc3 43. Ke4 Nxf4 44. Kxf4 Rxd3 45. g4 f6 46. Re4 g5# 0-1